000 01052nam a2200325 a 4500
001 000018581
003 DO-SdBNP
005 20230515131459.0
007 000018581
008 100511s1996 sp a 000 d spa d
020 _a8437605601
040 _aBPMSU
_bspa
_cBPMSU
082 4 _a862.5
_bG216b 1996
_222
092 _a
_b
100 1 _aGarcía Lorca, Federico,
_d1898-1936
245 1 0 _aBodas de sangre /
_cFederico García Lorca ; prólogo Silvina Beatriz Marsimian ; edición Allen Josephs y Juan Caballero
250 _a11a. ed.
260 _aMadrid :
_bLongseller,
_b1996
300 _a167 p. :
_bil. ;
_c20 cm.
490 0 _aLetras hispánicas,
_v 231
500 _aIncluye referencias bibliográficas y notas al pie de las páginas.
590 _aInventariado, 2023/VM
650 4 _aTeatro español
650 4 _aLiteratura española
700 1 _aMarsimian, Silvia Beatriz,
_epról.
700 1 _aJosephs, Allen,
_eed.
700 1 _aCaballero, Juan
_eed.
910 _aVMateo V. Control de calidad (BPMSU)
942 _2ddc
_cBK
999 _c9681
_d9681